| 000 | 00818cam a2200265 a 4500 | ||
|---|---|---|---|
| 001 | 4467371 | ||
| 003 | ARRUPE | ||
| 005 | 20131023174149.0 | ||
| 008 | 890117s1988 enk 000 0 eng d | ||
| 020 | _a0340489367 (cased) : | ||
| 020 | _a0340489316 (pbk) : | ||
| 035 | _a(OCoLC)505784728 | ||
| 035 | _a(OCoLC)ocn505784728 | ||
| 035 | _a(NNC)4467371 | ||
| 040 |
_aUk _cUk _dDLC _dCStRLIN _dNNUT |
||
| 050 | _aBX1746.H921 1988 | ||
| 100 | 1 |
_aHume, Basil, _d1923-1999. _92928 |
|
| 245 | 1 | 0 |
_aTowards a civilisation of love : _bbeing church in today's world / _cBasil Hume. |
| 260 |
_aLondon : _bHodder and Stoughton, _c1988. |
||
| 300 |
_a177 p. ; _c23 cm. |
||
| 650 | 0 |
_aMission of the church. _92929 |
|
| 650 | 0 |
_aChurch and social problems _xCatholic Church. _92930 |
|
| 942 |
_2lcc _cMONOGRAPH |
||
| 999 |
_c118444 _d118444 |
||